Marine - Cœur maladroit [paroles] - Statistiques

Statistiques générales
  • Ce quiz a été pris 83 fois
  • Le résultat moyen est 63 sur 114
Statistiques - réponses
Réponse % Correct
j’ai
100%
(j’ai
100%
le
100%
ma
98%
de
96%
cœur
94%
maladroit
94%
maladroit)
94%
pas
91%
à
89%
mon
89%
(mon
89%
et
85%
mode
85%
moi
85%
pour
85%
toi
85%
amour
83%
ça
83%
d’emploi
83%
me
83%
te
83%
la
81%
karma
79%
karma)
79%
que
79%
je
77%
réunir
77%
m’en
72%
si
72%
les
68%
plaît
66%
s’il
66%
tête
66%
dans
64%
en
64%
(en
64%
sur
64%
veux
64%
ne
62%
trop
62%
viendra
62%
des
60%
il
60%
qui
60%
tous
60%
mais
55%
tu
55%
suis
53%
bras
51%
c’est
51%
paraît
51%
questions
51%
bat
49%
vite
49%
j’aimerais
47%
jamais
47%
piste
47%
cachette
45%
connais
45%
dise
45%
grillé
45%
parce
45%
qu’on
45%
suite
45%
deux
43%
inondable
43%
inondable)
43%
poser
43%
quand
43%
sans
43%
stops
43%
zone
43%
cherche
40%
insistes
40%
pense
40%
surprises
40%
toujours
40%
tout
40%
va
40%
avenir
38%
bonnes
38%
commence
38%
fleurs
38%
table
38%
un
38%
horoscope
36%
n’est
36%
savoir
36%
t’emmènerai
36%
avoir
34%
côté
34%
danser
34%
durer
34%
existe
34%
laissées
34%
m’enveloppent
34%
trouvé
34%
m’envelopper
32%
merci
32%
abîme
30%
câble
30%
danger
30%
passe
30%
pète
30%
sauf
30%
plutôt
28%
pourraient
28%
s’aimer
28%
raisonnable
26%
recommencer
26%
tease
26%
Aucun quiz correspondant
Distribution des résultats
% des personnes avec chaque résultat
Percentile par nombre de réponses
Votre historique - résultats
Vous n’avez pas pris ce quiz